| 000 | 00370nam a2200145 a 4500 | ||
|---|---|---|---|
| 001 | 2142 | ||
| 003 | CDMR | ||
| 005 | 20130730114230.0 | ||
| 008 | 130130s1994||||||||||||||||||||||||||||d | ||
| 040 |
_aCDMR _bcat _cCPC GIRONA |
||
| 100 | 1 |
_aAlcalà, Cèsar _91596 |
|
| 245 | 1 | 3 |
_aLa música a Catalunya fa 300 anys _cAlcalà, Cèsar |
| 260 |
_c1994 _bTibidabo |
||
| 942 |
_cMON _2udc |
||
| 999 |
_c2142 _d2142 |
||